Statistiques concernant Pays d'Europe et capitales - Map Quiz

Cliquez ici pour prendre le quiz!

Statistiques générales

  • Ce quiz a été pris 516 fois
  • Le résultat moyen est 30 sur 45

Réponses sur la Carte

Les réponses sont colorées sur une échelle allant du rouge au vert en fonction du pourcentage des utilisateurs qui les ont devinées à leur premier essai. Vous pouvez retrouver ces pourcentages ci-dessous.
 

Statistiques - réponses

Réponse% Correct
Berlin
89%
Paris
86%
Bruxelles
85%
Rome
84%
Andorre la vieille
83%
Madrid
83%
Athènes
82%
Lisbonne
82%
Londres
82%
Luxembourg
81%
Moscou
81%
Amsterdam
79%
Dublin
79%
Berne
77%
Monaco
77%
Kiev
75%
Copenhague
74%
Saint Marin
73%
Vatican
73%
Vienne
71%
Oslo
70%
Varsovie
70%
Helsinki
68%
Stockholm
68%
Reykjavik
67%
La Valette
65%
Minsk
64%
Zagreb
63%
Prague
61%
Bucarest
58%
Riga
58%
Budapest
56%
Sarajevo
54%
Vilnius
54%
Sofia
53%
Tirana
53%
Tallinn
51%
Vaduz
50%
Ljubljana
48%
Belgrade
47%
Bratislava
46%
Chisinau
44%
Podgorica
43%
Pristina
42%
Skopje
42%

Distribution des résultats

Percentile par nombre de réponses

% des personnes avec chaque résultat

Votre développement - résultats

Vous n’avez pas pris ce quiz